Management information systems : (Record no. 3391)
[ view plain ]
| 000 -LEADER | |
|---|---|
| fixed length control field | 00741nam a2200193 4500 |
| 020 ## - INTERNATIONAL STANDARD BOOK NUMBER | |
| ISBN | 978273779803 |
| 020 ## - INTERNATIONAL STANDARD BOOK NUMBER | |
| ISBN | 27377980X |
| 050 ## - CALL NUMBER | |
| Classification number | T58.6 |
| Item number | .L3753 |
| 100 ## - AUTHOR | |
| Personal name | Laudon, Kenneth C., |
| 245 ## - TITLE | |
| Title | Management information systems : |
| Remainder of title | managing the digital firm |
| Statement of responsibility, etc | Kenneth C. Laudon, Jane P. Laudon. |
| 250 ## - EDITION | |
| Edition statement | 12th ed. |
| 260 ## - PUBLICATION INFORMATION | |
| Place of publication | Upper Saddle River, N. J. : |
| Name of publisher | Pearson,|. |
| Year of publication | 2012 |
| 300 ## - DESCRIPTION | |
| Number of Pages | 653 p.: |
| Other physical details | col. ill. |
| Dimensions | 27 cm. |
| 500 ## - NOTES | |
| General note | Includes indexes. |
| 505 ## - FORMATTED CONTENTS NOTE | |
| Table of Content | Organisations, Management,and the networked Enterprise, Information Technology Infrastructure, Key System Application for the digital age,Building and Managing Systems. |
| 650 ## - SUBJECTS | |
| Topical Term | Information technology |
| General subdivision | Management. |
| 700 ## - OTHER AUTHORS | |
| Personal name | Laudon Jane P. |
| 942 ## - ADDED ENTRY ELEMENTS (KOHA) | |
| Koha item type | Books |
| Withdrawn status | Lost status | Collection code | Home library | Current library | Shelving location | Date acquired | Full call number | Copy number | Koha item type |
|---|---|---|---|---|---|---|---|---|---|
| Reference | Methodist University Library Main | Methodist University Library Main | General Stacks | T58.6 .L3753 | 3976 | Books |